All Scottish Airports - Statistics

General Stats
  • This quiz has been taken 11 times
  • The average score is 21 of 40
Answer Stats
Region Answer % Correct
Aberdeen Aberdeen International Airport
100%
Dundee Dundee Airport (Port-adhair Dhùn Dè)
100%
Edinburgh Edinburgh Airport
100%
Renfrewshire Glasgow Airport
100%
Highlands Inverness Airport (Port-adhair Inbhir Nis)
100%
Outer Hebrides (Na h-Eileanan Siar) Stornoway Airport (Port-adhair Steòrnabhaigh)
89%
Caithness Wick John O'Groats Airport (Port-adhair Inbhir Ùige Taigh Iain Ghròt)
89%
Outer Hebrides (Na h-Eileanan Siar) Benbecula Airport (Port-adhair Bheinn na Faoghla)
78%
South Ayrshire Glasgow Prestwick Airport
78%
Orkney Kirkwall Airport
78%
Argyll and Bute Oban Airport (North Connel Airport)
78%
Perthshire Perth Airport
78%
Outer Hebrides (Na h-Eileanan Siar) Barra Airport (Port-adhair Bharraigh)
67%
Argyll and Bute Islay Airport (Port-adhair Ìle)
67%
Shetland Sumburgh Airport
67%
Shetland Tingwall Airport (Lerwick/Tingwall Airport)
67%
Argyll and Bute Tiree Airport (Port-adhair Thiriodh)
67%
Highlands Broadfield Airfield (Isle Of Skye Airfield)
56%
Argyll and Bute Coll Airport
56%
Argyll and Bute Colonsay Airport
56%
Orkney Papa Westray Airport
56%
Shetland Unst Airport (Baltasound Airport)
56%
Orkney Westray Airport
56%
Argyll and Bute Campbeltown Airport (Port-adhair Cheann Loch Chille Chiarain)
44%
Shetland Fair Isle Airport
44%
Shetland Foula Airfield
44%
North Lanarkshire Cumbernauld Airport
33%
Fife Fife Airport
33%
Fife Leuchars Station
33%
Moray RAF Lossiemouth
33%
Shetland Whalsay Airstrip
33%
Orkney North Ronaldsay Airport
22%
Shetland Papa Stour Airstrip
22%
Orkney Stronsay Airport
22%
Orkney Eday London Airport
11%
Orkney Sanday Airport
11%
Orkney Flotta Isle Airport
0%
Dumfries and Galloway MOD West Freugh
0%
West Lothian RAF Kirknewton
0%
Shetland Scatsta Airport
0%
No matching quizzes found
Score Distribution
Percent of People with Each Score
Percentile by Number Answered
Your Score History
You have not taken this quiz